00502nam a2200181 a 4500001001300000003000900013005001700022008004100039020000900080082001800089100002700107245005900134260003400193300002200227500003500249505001000284650002600294nice12345678IN_TiNIC20260116012340.0050524s1978 boma grp 000 0 eng  ac7200a954.0256bHUS aHusaini, Khwaja Kamgar aMa`asir-I-Jahangirib Contemporary Account of Jahangir aBombaybAsia Pub. Housec1978 a601p, 65p english aincludes index and biblioraphy2 aIndex aMughal India-Jahangir